00305nam a2200121Ia 45000010005000000080041000050820019000461000026000652450022000912600029001139010026001429990015001681247241024s9999 xx 000 0 und d aRD/923.1/A485c aCarlos Amarante Baret 0aCartas a Don Juan bEditora Centenarioc2010 a3/3/2011 1:09:01 p.m. c7664d7664